La larga noche de los 500 años /

Guardado en:
Autor Corporativo: TVE.
Formato: Deslizar
Publicado: España, 2006.
Series:Capítulo 6 - Voces Contra la Globalización
Materias:
Etiquetas: Agregar Etiqueta
Sin Etiquetas, Sea el primero en etiquetar este registro!
LEADER 01124ngm a22003015g 4500
001 CEM.cems023004
008 130507s2006##################0###0#####d
005 20241202134358.0
245 1 0 |a La larga noche de los 500 años /  |c TVE. 
260 |a España,  |c 2006. 
300 |a 45'. 
490 0 |a Capítulo 6 - Voces Contra la Globalización 
500 |a Consultar en ventanilla. 
505 0 |a Voces de los indígenas contra la pérdida de la tierra y de la identidad. La uniformidad de las culturas y el nuevo panorama de América Latina. La voz del subcomandante Marcos contra el Tratado de Libre Comercio. 
590 |a Identificación SIABUC: DVD Nº 32 
538 |a Soporte: DVD - Resolución: 720x480 - 29.970fps - Color: Si - Grabación DRD 2011 
110 2 |a TVE. 
082 3 2 |/ GLO 
653 |a GLOBALIZACION 
653 |a ALCA 
653 |a SUBCOMANDANTE MARCOS 
653 |a INDIGENAS 
653 |a CHIAPAS 
653 |a DOCUMENTAL 
653 |a SERIE DE TELEVISIÓN 
653 |a NIVEL SECUNDARIO 
653 |a NIVEL PRIMARIO 
859 |a CEMS  |b BIB. CEMS - Depto. Recursos Didacticos  |h 320  |i GLO  |k DRD  |p 1647.12  |t Ej.1